Thesis Open Access
SEGENET NIGUSSE
<?xml version='1.0' encoding='UTF-8'?>
<record xmlns="http://www.loc.gov/MARC21/slim">
<leader>00000nam##2200000uu#4500</leader>
<controlfield tag="005">20240917110633.0</controlfield>
<controlfield tag="001">1345</controlfield>
<datafield tag="856" ind1="4" ind2=" ">
<subfield code="s">874799</subfield>
<subfield code="z">md5:273411ea7a39303afc8f27d418756c1b</subfield>
<subfield code="u">https://zenodo.org/record/1345/files/f1043869176.pdf</subfield>
</datafield>
<datafield tag="542" ind1=" " ind2=" ">
<subfield code="l">open</subfield>
</datafield>
<datafield tag="260" ind1=" " ind2=" ">
<subfield code="c">2018-09-01</subfield>
</datafield>
<datafield tag="909" ind1="C" ind2="O">
<subfield code="p">user-aau</subfield>
<subfield code="p">user-zenodo</subfield>
<subfield code="o">oai:zenodo.org:1345</subfield>
</datafield>
<datafield tag="100" ind1=" " ind2=" ">
<subfield code="a">SEGENET NIGUSSE</subfield>
</datafield>
<datafield tag="245" ind1=" " ind2=" ">
<subfield code="a">FACTORS AFFECTING EMPLOYEES' ENGAGEMENT: THE CASE OF SELECTED PRIVATE BANKS IN ADDIS ABABA</subfield>
</datafield>
<datafield tag="980" ind1=" " ind2=" ">
<subfield code="a">user-aau</subfield>
</datafield>
<datafield tag="980" ind1=" " ind2=" ">
<subfield code="a">user-zenodo</subfield>
</datafield>
<datafield tag="540" ind1=" " ind2=" ">
<subfield code="u">http://www.opendefinition.org/licenses/cc-by</subfield>
<subfield code="a">Creative Commons Attribution</subfield>
</datafield>
<datafield tag="650" ind1="1" ind2="7">
<subfield code="a">cc-by</subfield>
<subfield code="2">opendefinition.org</subfield>
</datafield>
<datafield tag="520" ind1=" " ind2=" ">
<subfield code="a"><p>The study was conducted to examine what factors influence employees&#39; engagement in three selected private banks (Abyssinia, Buna, and Enat banks). The total number of respondents participated in the study were 252 out of which 141, 71 and 40 were taken from Abyssinia, Buna and Enate bank, respectively. Descriptive and multiple regression analysis were used to analyze the data. The findings of the study revealed that job chararacterstics, reward and recognition, organizational justice and perceived organizational support were all positively and significantly correlated with employees&#39; engagement. The multiple regression result indicated that job characteristics, reward and recognition and perceived organizational support were the factors which had a statistically significant and positively effect on employees&#39; engagement whereas organizational justice was the factor with insignificant effect on employees&#39; engagement. Job characteristics was the most contributing factor in predicting employees&#39; engagement followed by reward and recognition and perceived organizational support in their respective order</p></subfield>
</datafield>
<datafield tag="773" ind1=" " ind2=" ">
<subfield code="n">doi</subfield>
<subfield code="i">isVersionOf</subfield>
<subfield code="a">10.20372/nadre:1344</subfield>
</datafield>
<datafield tag="024" ind1=" " ind2=" ">
<subfield code="a">10.20372/nadre:1345</subfield>
<subfield code="2">doi</subfield>
</datafield>
<datafield tag="980" ind1=" " ind2=" ">
<subfield code="a">publication</subfield>
<subfield code="b">thesis</subfield>
</datafield>
</record>
| All versions | This version | |
|---|---|---|
| Views | 0 | 0 |
| Downloads | 0 | 0 |
| Data volume | 0 Bytes | 0 Bytes |
| Unique views | 0 | 0 |
| Unique downloads | 0 | 0 |